Qu'est-ce qui fait trembler la terre? A l'origine des catastrophes sismiques

Gorde:
Xehetasun bibliografikoak
Egile nagusia: Bernard, Pascal
Formatua: Liburua
Hizkuntza:Vietnamese
Argitaratua: EDP Science 2003
Etiketak: Etiketa erantsi
Etiketarik gabe, Izan zaitez lehena erregistro honi etiketa jartzen!
Thư viện lưu trữ: Mạng thư viện Đại học Đà Nẵng
LEADER 00720nam a2200253 4500
001 000021856
003 18304
005 20150423150442.0
008 150423s2003 viesd
020 |c 00 
041 0 |a vie 
082 1 4 |a 551,22  |b BE-P 
100 1 |a Bernard, Pascal 
245 1 0 |a Qu'est-ce qui fait trembler la terre? A l'origine des catastrophes sismiques  |c Pascal Bernard ; preface de Xavier Le Pichon ; illustrations de Pascal Bernard 
260 |b EDP Science  |c 2003 
300 |a tr.  |c cm. 
OWN |a LSP 
999 |a From the UDN01 
TYP |a Monograph 
TYP |a Printed language 
980 |a Mạng thư viện Đại học Đà Nẵng